Every College Football National Champion - Statistics

General Stats
  • This quiz has been taken 110 times
  • The average score is 159 of 193
Answer Stats
Year School % Correct
1925 | 1926 | 1930 | +13 others Alabama
100%
2025 Indiana
100%
1901 | 1902 | 1903 | +7 others Michigan
100%
1942 | 1954 | 1957 | +6 others Ohio State
100%
1980 | 2021 | 2022 Georgia
99%
1963 | 1969 | 1970 | 2005 Texas
96%
1908 | 1958 | 2003 | +2 others LSU
94%
1981 | 2016 | 2018 Clemson
93%
1996 | 2006 | 2008 Florida
93%
1993 | 1999 | 2013 Florida State
93%
1983 | 1987 | 1989 | +2 others Miami
93%
1931 | 1932 | 1962 | +5 others USC
93%
1875 | 1890 | 1898 | +5 others Harvard
88%
1950 | 1955 | 1956 | +4 others Oklahoma
87%
1954 UCLA
87%
1957 | 2010 Auburn
85%
1952 | 1965 | 1966 Michigan State
85%
1874 | 1876 | 1877 | +15 others Yale
85%
1895 | 1904 | 1908 Penn
84%
1991 Washington
84%
1869 | 1870 | 1872 | +13 others Princeton
82%
1919 | 1924 | 1929 | +10 others Notre Dame
79%
1919 | 1939 Texas A&M
79%
1951 | 1998 Tennessee
78%
1911 | 1912 | 1982 | 1986 Penn State
76%
1990 Colorado
75%
1970 | 1971 | 1994 | +2 others Nebraska
73%
1917 | 1928 | 1990 Georgia Tech
67%
1964 Arkansas
66%
1960 Ole Miss
66%
1926 Stanford
66%
1958 Iowa
64%
1984 BYU
61%
1869 Rutgers
61%
1919 | 1923 | 1927 Illinois
60%
1934 | 1935 | 1936 | +3 others Minnesota
60%
1959 Syracuse
58%
1953 Maryland
57%
1938 TCU
55%
1915 | 1921 | 1922 Cornell
52%
1914 | 1944 | 1945 Army
51%
1910 | 1916 | 1918 | +2 others Pittsburgh
43%
1920 | 1921 | 1922 California
40%
1905 Chicago
31%
1896 Lafayette
15%
No matching quizzes found
Score Distribution
Percent of People with Each Score
Percentile by Number Answered
Your Score History
You have not taken this quiz